000 00247nam a22000977a 4500
020 _a9789945649543
100 1 _aCuba, Dario
_919090
245 0 _aCuando murió la dignidad
264 _aSanto Domingo :
_bPrintbarato,
_c2024.
300 _a128 Páginas ;
999 _c58881
_d58881